| 000 | 01064aab a2200229 i 4500 | ||
|---|---|---|---|
| 001 | 768714001 | ||
| 003 | CO-MdFUSB | ||
| 005 | 20240711093838.0 | ||
| 008 | 240711t2006 sz ||||| |||| 00| 0 eng d | ||
| 040 |
_bspa _cCO-MdFUSB |
||
| 041 | _aeng | ||
| 245 | 1 | 0 |
_aWomen and the Accra confession : _bcovenanting for life, WARC |
| 520 | _aVeinticuatro mujeres de África, Asia, el Caribe, Europa, América Latina y América del Norte se reunieron en Saint Mary, Jamaica, del 20 al 25 de agosto de 2005, para un taller organizado por la Alianza Mundial de Iglesias Reformadas sobre "La Alianza para la Vida: las mujeres y la Confesión de Accra". Este es el texto del mensaje adoptado al final de esa reunión. | ||
| 546 | _aTexto en inglés. | ||
| 650 | 7 |
_aMujeres _xDerechos _9325 |
|
| 650 | 7 |
_aJusticia _92116 |
|
| 650 | 7 |
_aDerechos humanos _9296 |
|
| 653 | _aAccra confession | ||
| 773 | 0 |
_tReformed World _049396 _959503 _gVolumen 56, (número 1, 2006) páginas: 126 - 128 _qpágina: 126 |
|
| 942 | _cANA | ||
| 945 | _aCatherine Arias Álvarez - Practicante SENA | ||
| 999 |
_c61513 _d61513 |
||